000 01121nam a2200241Ia 4500
001 271.778-ROA gi pu (4368)
003 IT-MiSPE
008 171229s9999||||xx |||||||||||||| ||und||
040 _aIT-MiSPE
_cIT-MiSPE
041 _aITALIANO
100 _aGiovanni Roatta
245 0 _aPunti di riferimento della nostra vita spirituale
_bI. Mariologia: Testimonianza di don Giacomo Alberione a Maria Madre di Dio
250 _a1a ed. (v)
260 _aAriccia
_bCentro Spir. Paol.
_c1973
300 _aXII, 109 p. [3 v.]
_c27 cm
490 _v
501 _aEdizioni San Paolo srl - Piazza Soncino, 5 - 20092 CINISELLO BALSAMO (MI) (non commercial uses only) ® Copyright 2018
520 _aDattiloscritto
700 _aGiacomo Alberione
942 _cBK
957 _71
999 _a15703
_bNO
_g Copie: 1
_c348008
_d348008